[Event "Wch Rapid (Women)"]
[Site "Doha"]
[Date "2016.12.27"]
[Round "8"]
[White "Ushenina, Anna"]
[Black "Kosteniuk, Alexandra"]
[Result "1/2-1/2"]
[WhiteElo "2459"]
[BlackElo "2555"]
[PlyCount "75"]
[EventDate "2016.12.26"]
[EventType "swiss (rapid)"]
[EventRounds "12"]
[EventCountry "QAT"]
[SourceTitle "CBM 176 Extra"]
[Source "ChessBase"]
[SourceDate "2017.03.02"]
[SourceVersion "1"]
[SourceVersionDate "2017.03.02"]
[SourceQuality "1"]

1. Nf3 Nf6 2. c4 c5 3. e3 e6 4. b3 b6 5. Bb2 Bb7 6. Be2 d5 7. cxd5 exd5 8. d4
Bd6 9. O-O O-O 10. Nc3 Nbd7 11. Rc1 Rc8 12. Re1 Re8 13. Bf1 Bb8 14. g3 Nf8 15.
Bg2 Ne6 16. Re2 Ne4 17. Rec2 Qe7 18. dxc5 Nxc3 19. Bxc3 bxc5 20. Be5 Bxe5 21.
Nxe5 d4 22. Bxb7 Qxb7 23. Qf3 Qxf3 24. Nxf3 dxe3 25. fxe3 Rcd8 26. Kf2 f5 27.
h4 Kf7 28. Rd2 Rxd2+ 29. Nxd2 Rd8 30. Ke2 Kf6 31. Rc4 Rd6 32. Ra4 a6 33. Nc4
Rc6 34. Na5 Rb6 35. Nc4 Rc6 36. Na5 Rb6 37. Nc4 Rc6 38. Na5 1/2-1/2

[Event "Wch Rapid (Women)"]
[Site "Doha"]
[Date "2016.12.28"]
[Round "9"]
[White "Kosteniuk, Alexandra"]
[Black "Javakhishvili, Lela"]
[Result "1/2-1/2"]
[WhiteElo "2555"]
[BlackElo "2461"]
[PlyCount "101"]
[EventDate "2016.12.26"]
[EventType "swiss (rapid)"]
[EventRounds "12"]
[EventCountry "QAT"]
[SourceTitle "CBM 176 Extra"]
[Source "ChessBase"]
[SourceDate "2017.03.02"]
[SourceVersion "1"]
[SourceVersionDate "2017.03.02"]
[SourceQuality "1"]

1. e4 c5 2. Nf3 Nc6 3. d4 cxd4 4. Nxd4 e5 5. Nb5 a6 6. Nd6+ Bxd6 7. Qxd6 Qf6 8.
Qa3 Nge7 9. Nc3 Rb8 10. Be3 b5 11. Nd5 Nxd5 12. exd5 Ne7 13. c4 Nf5 14. cxb5
Nxe3 15. Qxe3 axb5 16. Qc5 Qb6 17. Rc1 Qxc5 18. Rxc5 b4 19. d6 O-O 20. Rxe5 Rb6
21. Rd5 Bb7 22. Rd4 Re8+ 23. Kd2 Re6 24. f3 Rbxd6 25. Rxd6 Rxd6+ 26. Kc2 Bd5
27. b3 Rc6+ 28. Kd2 Rc5 29. Bd3 Ra5 30. Bb1 Kf8 31. Rc1 Ke7 32. Ke3 Be6 33. g4
h5 34. h3 Re5+ 35. Kf2 Rd5 36. Ke3 Re5+ 37. Kd2 Rd5+ 38. Bd3 hxg4 39. hxg4 f5
40. Rc4 fxg4 41. fxg4 Ra5 42. Rxb4 Rxa2+ 43. Bc2 Ra5 44. Rf4 Rg5 45. Bd1 Rd5+
46. Kc1 Rc5+ 47. Kb2 Rd5 48. Kc2 Rc5+ 49. Kb2 Rd5 50. Kc2 Rc5+ 51. Kb2 1/2-1/2

[Event "Wch Rapid (Women)"]
[Site "Doha"]
[Date "2016.12.28"]
[Round "10"]
[White "Khademalsharieh, Sarasadat"]
[Black "Kosteniuk, Alexandra"]
[Result "0-1"]
[WhiteElo "2438"]
[BlackElo "2555"]
[PlyCount "46"]
[EventDate "2016.12.26"]
[EventType "swiss (rapid)"]
[EventRounds "12"]
[EventCountry "QAT"]
[SourceTitle "CBM 176 Extra"]
[Source "ChessBase"]
[SourceDate "2017.03.02"]
[SourceVersion "1"]
[SourceVersionDate "2017.03.02"]
[SourceQuality "1"]

1. d4 Nf6 2. c4 e6 3. Nf3 b6 4. g3 Bb4+ 5. Bd2 Bxd2+ 6. Qxd2 Ba6 7. b3 d5 8.
Bg2 c6 9. Ne5 Nfd7 10. Nd3 dxc4 11. Nb4 cxb3 12. Nxa6 Nxa6 13. axb3 Nab8 14.
O-O O-O 15. Rc1 Nf6 16. b4 b5 17. Nc3 Qb6 18. Ne4 Nxe4 19. Bxe4 a6 20. Rc5 Ra7
21. h4 Rd8 22. e3 a5 23. bxa5 Qxc5 0-1

[Event "Wch Rapid (Women)"]
[Site "Doha"]
[Date "2016.12.28"]
[Round "11"]
[White "Kosteniuk, Alexandra"]
[Black "Dzagnidze, Nana"]
[Result "1/2-1/2"]
[WhiteElo "2555"]
[BlackElo "2520"]
[PlyCount "111"]
[EventDate "2016.12.26"]
[EventType "swiss (rapid)"]
[EventRounds "12"]
[EventCountry "QAT"]
[SourceTitle "CBM 176 Extra"]
[Source "ChessBase"]
[SourceDate "2017.03.02"]
[SourceVersion "1"]
[SourceVersionDate "2017.03.02"]
[SourceQuality "1"]

1. e4 e6 2. d4 d5 3. Nc3 Bb4 4. e5 c5 5. a3 Bxc3+ 6. bxc3 Qa5 7. Bd2 Qa4 8. Nf3
Ne7 9. h4 b6 10. h5 h6 11. Qb1 Ba6 12. Qb3 Qxb3 13. cxb3 Bxf1 14. Kxf1 Nd7 15.
Re1 Rc8 16. g4 a5 17. Rg1 Nc6 18. a4 Ke7 19. Ke2 cxd4 20. cxd4 f6 21. exf6+
gxf6 22. Kd1 Kd6 23. Bc3 Nb4 24. Re3 Rhg8 25. Bd2 Nc6 26. Re2 Rh8 27. Rge1 e5
28. Be3 Rhg8 29. dxe5+ fxe5 30. Bxh6 Rxg4 31. Bc1 e4 32. Ng5 Nd4 33. Nxe4+ Rxe4
34. Rxe4 dxe4 35. Rxe4 Kd5 36. Rh4 Nf6 37. Bb2 Nf5 38. Bxf6 Nxh4 39. Bxh4 Rh8
40. Bg5 Rxh5 41. Be3 Kc6 42. Kc2 Rh4 43. Kc3 Re4 44. Kd3 Rb4 45. Kc3 Kd5 46.
Bg5 Re4 47. Be3 Re6 48. Kd3 Rg6 49. Kc3 Kc6 50. Kc4 Rg4+ 51. Kc3 b5 52. axb5+
Kxb5 53. Bh6 Rg6 54. Be3 Rc6+ 55. Kb2 Rc8 56. Bg5 1/2-1/2

[Event "Wch Rapid (Women)"]
[Site "Doha"]
[Date "2016.12.28"]
[Round "12"]
[White "Koneru, Humpy"]
[Black "Kosteniuk, Alexandra"]
[Result "0-1"]
[WhiteElo "2557"]
[BlackElo "2555"]
[PlyCount "88"]
[EventDate "2016.12.26"]
[EventType "swiss (rapid)"]
[EventRounds "12"]
[EventCountry "QAT"]
[SourceTitle "CBM 176 Extra"]
[Source "ChessBase"]
[SourceDate "2017.03.02"]
[SourceVersion "1"]
[SourceVersionDate "2017.03.02"]
[SourceQuality "1"]

1. d4 Nf6 2. c4 e6 3. Nc3 Bb4 4. e3 O-O 5. Nge2 d5 6. a3 Be7 7. cxd5 exd5 8.
Nf4 c6 9. Bd3 Bd6 10. O-O Bxf4 11. exf4 Na6 12. f5 Qd6 13. Qf3 c5 14. Bf4 Qb6
15. Na4 Qb3 16. Nxc5 Nxc5 17. dxc5 Qxb2 18. Rfe1 Bd7 19. Be5 Qd2 20. Rad1 Qh6
21. Re3 d4 22. Bxd4 Bc6 23. Qe2 Rad8 24. Be5 Nd5 25. Rg3 f6 26. Bd6 Rfe8 27.
Qg4 Rd7 28. Bc4 Kh8 29. h4 Nc7 30. Bd3 Nd5 31. Bc2 b6 32. Rxd5 Bxd5 33. Bf4 g5
34. Bd2 Qxh4 35. Ba4 Re4 36. Qxh4 gxh4 37. Bxd7 hxg3 38. c6 gxf2+ 39. Kxf2 Rc4
40. g3 Bxc6 41. Be6 Re4 42. Bh6 a5 43. Kg1 b5 44. Kh2 Re1 0-1

[Event "Wch Blitz (Women)"]
[Site "Doha"]
[Date "2016.12.29"]
[Round "1"]
[White "Geldyeva, Mekhri"]
[Black "Kosteniuk, Alexandra"]
[Result "1/2-1/2"]
[WhiteElo "2220"]
[BlackElo "2555"]
[PlyCount "111"]
[EventDate "2016.12.29"]
[EventType "swiss (blitz)"]
[EventRounds "17"]
[EventCountry "QAT"]
[SourceTitle "CBM 176 Extra"]
[Source "ChessBase"]
[SourceDate "2017.03.02"]
[SourceVersion "1"]
[SourceVersionDate "2017.03.02"]
[SourceQuality "1"]

1. d4 Nf6 2. Nf3 e6 3. e3 b6 4. Bd3 Bb7 5. O-O c5 6. c3 Be7 7. Qe2 d5 8. Nbd2
O-O 9. Ne5 Nbd7 10. f4 Ne4 11. Qf3 f5 12. Qe2 Nxe5 13. fxe5 Bg5 14. Nf3 Bh6 15.
Bd2 Kh8 16. Be1 g5 17. g4 fxg4 18. Bxe4 gxf3 19. Bxf3 Qe7 20. Bg3 a5 21. Qg2
Ba6 22. Rf2 g4 23. Bxg4 Bxe3 24. Re1 cxd4 25. cxd4 Bxd4 26. Qh3 Bxf2+ 27. Bxf2
Rxf2 28. Kxf2 Rf8+ 29. Kg1 Qc5+ 30. Kh1 Qb4 31. Rg1 Qe4+ 32. Qg2 Qxg2+ 33. Kxg2
Rg8 34. Kf2 Rg6 35. h3 h6 36. Rc1 Rg5 37. Rc6 Rxe5 38. Rxb6 Bc4 39. b3 Bd3 40.
Rxe6 Rg5 41. Ke3 Bb1 42. a3 Ba2 43. Rb6 h5 44. Bf3 Rg3 45. Kf4 Rxh3 46. Bxd5
Kg7 47. Bc4 a4 48. Rb7+ Kf6 49. Rb6+ Ke7 50. Rb4 axb3 51. a4 Rh4+ 52. Kg5 Rd4
53. Kxh5 b2 54. Rb7+ Kd6 55. Bxa2 Rxa4 56. Rxb2 1/2-1/2

[Event "Wch Blitz (Women)"]
[Site "Doha"]
[Date "2016.12.29"]
[Round "2"]
[White "Kosteniuk, Alexandra"]
[Black "Zhu, Chen"]
[Result "1-0"]
[WhiteElo "2555"]
[BlackElo "2419"]
[PlyCount "81"]
[EventDate "2016.12.29"]
[EventType "swiss (blitz)"]
[EventRounds "17"]
[EventCountry "QAT"]
[SourceTitle "CBM 176 Extra"]
[Source "ChessBase"]
[SourceDate "2017.03.02"]
[SourceVersion "1"]
[SourceVersionDate "2017.03.02"]
[SourceQuality "1"]

1. e4 c5 2. Nf3 d6 3. Bb5+ Nd7 4. c3 Ngf6 5. Qe2 a6 6. Ba4 g6 7. O-O Bg7 8. d4
b5 9. Bc2 cxd4 10. cxd4 Bb7 11. e5 Bxf3 12. gxf3 dxe5 13. dxe5 Nd5 14. e6 fxe6
15. Qxe6 Nc5 16. Qc6+ Qd7 17. Qxd7+ Nxd7 18. a4 b4 19. Bb3 e6 20. Nd2 Nc5 21.
Bc4 O-O 22. Ne4 Nd7 23. Ng5 Ne5 24. Be2 Rf6 25. Kg2 h6 26. Ne4 Rff8 27. Nc5 Nc7
28. f4 Nc6 29. Bf3 Nd5 30. Nxe6 Rf5 31. Be4 Rh5 32. Bxg6 Rh4 33. Be4 Nce7 34.
Rd1 Nxf4+ 35. Nxf4 Rc8 36. Kg3 Bf6 37. Rd6 Bg5 38. Bd5+ Kh7 39. Rd7 Rxc1 40.
Rxc1 Bxf4+ 41. Kxh4 1-0

[Event "Wch Blitz (Women)"]
[Site "Doha"]
[Date "2016.12.29"]
[Round "3"]
[White "Sviridova, Vlada"]
[Black "Kosteniuk, Alexandra"]
[Result "0-1"]
[WhiteElo "2144"]
[BlackElo "2555"]
[PlyCount "126"]
[EventDate "2016.12.29"]
[EventType "swiss (blitz)"]
[EventRounds "17"]
[EventCountry "QAT"]
[SourceTitle "CBM 176 Extra"]
[Source "ChessBase"]
[SourceDate "2017.03.02"]
[SourceVersion "1"]
[SourceVersionDate "2017.03.02"]
[SourceQuality "1"]

1. d4 Nf6 2. c4 e6 3. Nc3 Bb4 4. g3 d5 5. Bg2 O-O 6. a3 Bxc3+ 7. bxc3 dxc4 8.
Qa4 Bd7 9. Qxc4 Bc6 10. f3 e5 11. dxe5 Nfd7 12. e6 fxe6 13. Qxe6+ Kh8 14. Nh3
Nc5 15. Qc4 Qd5 16. Qxd5 Bxd5 17. O-O Bc4 18. Re1 Nb3 19. Rb1 Nxc1 20. Rbxc1
Nd7 21. Rcd1 Rad8 22. Rd4 Nb6 23. f4 Ba6 24. Ng5 Kg8 25. Ne6 Rxd4 26. cxd4 Rf7
27. d5 Bc4 28. e4 c6 29. Ng5 Rd7 30. Bh3 Rd6 31. Be6+ Kf8 32. Nxh7+ Ke7 33. Ng5
c5 34. e5 Rxd5 35. Bxd5 Bxd5 36. Kf2 c4 37. Ke3 c3 38. Kd4 c2 39. Rc1 Bb3 40.
Nf3 a5 41. Ne1 a4 42. Nxc2 Nc4 43. Ne3 Nxa3 44. Rc7+ Kd8 45. Rxb7 Nb1 46. f5
Nd2 47. e6 Nf3+ 48. Ke4 Nd2+ 49. Ke5 a3 50. Kd6 Ne4+ 51. Ke5 Nc5 52. Rb8+ Kc7
53. Ra8 a2 54. Nd5+ Kb7 55. Ra5 Ba4 56. Rxa4 Nxa4 57. e7 a1=Q+ 58. Ke6 Nc5+ 59.
Kf7 Ne4 60. Ke6 Nf6 61. Nxf6 Qxf6+ 62. Kd7 Qc6+ 63. Kd8 Qc8# 0-1

[Event "Wch Blitz (Women)"]
[Site "Doha"]
[Date "2016.12.29"]
[Round "4"]
[White "Kosteniuk, Alexandra"]
[Black "Gunina, Valentina"]
[Result "1-0"]
[WhiteElo "2555"]
[BlackElo "2525"]
[PlyCount "93"]
[EventDate "2016.12.29"]
[EventType "swiss (blitz)"]
[EventRounds "17"]
[EventCountry "QAT"]
[SourceTitle "CBM 176 Extra"]
[Source "ChessBase"]
[SourceDate "2017.03.02"]
[SourceVersion "1"]
[SourceVersionDate "2017.03.02"]
[SourceQuality "1"]

1. e4 c6 2. d4 d5 3. Nd2 dxe4 4. Nxe4 Bf5 5. Ng3 Bg6 6. h4 h6 7. Nf3 Nd7 8. h5
Bh7 9. Bd3 Bxd3 10. Qxd3 e6 11. Bd2 Ngf6 12. O-O-O Bd6 13. Ne4 Nxe4 14. Qxe4
Qb6 15. Kb1 Nf6 16. Qe2 Qb5 17. c4 Qf5+ 18. Ka1 O-O-O 19. Rh4 Rhe8 20. Re1 Bc7
21. Bc3 Nd7 22. g4 Qh7 23. Rhh1 e5 24. d5 cxd5 25. cxd5 Nc5 26. Qc4 Qd3 27.
Qxc5 Qxf3 28. Qxa7 Qxd5 29. Qa8+ Kd7 30. Qa4+ b5 31. Qc2 Ke7 32. Bb4+ Bd6 33.
Rd1 Qc4 34. Qxc4 bxc4 35. Rxd6 Rxd6 36. Rd1 Red8 37. Kb1 Ke6 38. Rxd6+ Rxd6 39.
Bxd6 Kxd6 40. Kc2 g6 41. Kc3 Kc5 42. a4 gxh5 43. gxh5 f5 44. a5 e4 45. a6 Kb6
46. Kxc4 Kxa6 47. Kd4 1-0

[Event "Wch Blitz (Women)"]
[Site "Doha"]
[Date "2016.12.29"]
[Round "5"]
[White "Ju, Wenjun"]
[Black "Kosteniuk, Alexandra"]
[Result "1/2-1/2"]
[WhiteElo "2579"]
[BlackElo "2555"]
[PlyCount "76"]
[EventDate "2016.12.29"]
[EventType "swiss (blitz)"]
[EventRounds "17"]
[EventCountry "QAT"]
[SourceTitle "CBM 176 Extra"]
[Source "ChessBase"]
[SourceDate "2017.03.02"]
[SourceVersion "1"]
[SourceVersionDate "2017.03.02"]
[SourceQuality "1"]

1. d4 Nf6 2. Nf3 e6 3. Bf4 b6 4. e3 Bb7 5. Bd3 c5 6. Nbd2 d5 7. c3 Bd6 8. Bg3
Nc6 9. Ne5 O-O 10. O-O Ne7 11. Bh4 Ne4 12. Bxe4 dxe4 13. Nec4 cxd4 14. exd4 b5
15. Nxd6 Qxd6 16. Re1 Nf5 17. Nxe4 Qc6 18. Bg5 Nd6 19. f3 Nxe4 20. Rxe4 Qb6 21.
Re1 Rfe8 22. Qd2 e5 23. Be3 Qg6 24. Qf2 exd4 25. Bxd4 a6 26. h3 h6 27. a3 Bd5
28. Re5 Rxe5 29. Bxe5 Re8 30. Re1 f6 31. Bg3 Rxe1+ 32. Qxe1 Qc2 33. b4 Bc4 34.
Bh4 Qe2 35. Qg3 Qe3+ 36. Kh1 Qxc3 37. Kh2 Qd4 38. Qg4 Qxg4 1/2-1/2

[Event "Wch Blitz (Women)"]
[Site "Doha"]
[Date "2016.12.29"]
[Round "7"]
[White "Kosteniuk, Alexandra"]
[Black "Arabidze, Meri"]
[Result "1-0"]
[WhiteElo "2555"]
[BlackElo "2379"]
[PlyCount "81"]
[EventDate "2016.12.29"]
[EventType "swiss (blitz)"]
[EventRounds "17"]
[EventCountry "QAT"]
[SourceTitle "CBM 176 Extra"]
[Source "ChessBase"]
[SourceDate "2017.03.02"]
[SourceVersion "1"]
[SourceVersionDate "2017.03.02"]
[SourceQuality "1"]

1. e4 c5 2. Nf3 e6 3. d4 cxd4 4. Nxd4 a6 5. Bd3 Nf6 6. O-O Qc7 7. Qe2 d6 8. c4
g6 9. b3 Bg7 10. Bb2 O-O 11. Nd2 Nbd7 12. Rac1 b6 13. Bb1 Bb7 14. b4 Rac8 15.
N4b3 Rfe8 16. f4 e5 17. f5 a5 18. fxg6 hxg6 19. a3 Nb8 20. Nf3 axb4 21. axb4
Nc6 22. b5 Nb8 23. Ng5 Nbd7 24. Nd2 Rf8 25. Qe1 Nh7 26. Nxh7 Kxh7 27. Qh4+ Kg8
28. Nf3 Bf6 29. Ng5 Bxg5 30. Qxg5 Kg7 31. Rf3 Qd8 32. Qe3 f6 33. Rd1 Nc5 34.
Bc1 g5 35. h4 Ne6 36. hxg5 fxg5 37. Rf5 Qe7 38. Ba3 Rxf5 39. exf5 Nd4 40. Rxd4
Qf6 41. Rxd6 1-0

[Event "Wch Blitz (Women)"]
[Site "Doha"]
[Date "2016.12.29"]
[Round "8"]
[White "Kosteniuk, Alexandra"]
[Black "Harika, Dronavalli"]
[Result "1-0"]
[WhiteElo "2555"]
[BlackElo "2543"]
[PlyCount "89"]
[EventDate "2016.12.29"]
[EventType "swiss (blitz)"]
[EventRounds "17"]
[EventCountry "QAT"]
[SourceTitle "CBM 176 Extra"]
[Source "ChessBase"]
[SourceDate "2017.03.02"]
[SourceVersion "1"]
[SourceVersionDate "2017.03.02"]
[SourceQuality "1"]

1. e4 c5 2. Nf3 Nc6 3. d4 cxd4 4. Nxd4 Nf6 5. Nc3 e5 6. Ndb5 d6 7. Bg5 a6 8.
Na3 b5 9. Nd5 Be7 10. Bxf6 Bxf6 11. c4 Nd4 12. Nc2 Bg4 13. Nxf6+ Qxf6 14. Qd2
O-O 15. Nxd4 exd4 16. f3 Be6 17. O-O-O bxc4 18. Qxd4 Qh6+ 19. Qd2 Qf6 20. Qc3
Qxc3+ 21. bxc3 Rab8 22. Rxd6 Rb5 23. Be2 Rfb8 24. Rhd1 Rb1+ 25. Kd2 R8b2+ 26.
Ke3 Rxd1 27. Rxd1 Kf8 28. Rd2 Rb5 29. Kd4 Ra5 30. Rb2 Ra4 31. Bd1 Ra5 32. a4 h5
33. f4 g6 34. Rb4 Ke7 35. Be2 Bd7 36. Bxc4 Rxa4 37. Rxa4 Bxa4 38. Bxa6 f6 39.
h4 Bc6 40. g3 Bd7 41. Bd3 Kd6 42. e5+ fxe5+ 43. fxe5+ Ke7 44. Bxg6 Bg4 45. c4
1-0

[Event "Wch Blitz (Women)"]
[Site "Doha"]
[Date "2016.12.29"]
[Round "9"]
[White "Koneru, Humpy"]
[Black "Kosteniuk, Alexandra"]
[Result "0-1"]
[WhiteElo "2557"]
[BlackElo "2555"]
[PlyCount "112"]
[EventDate "2016.12.29"]
[EventType "swiss (blitz)"]
[EventRounds "17"]
[EventCountry "QAT"]
[SourceTitle "CBM 176 Extra"]
[Source "ChessBase"]
[SourceDate "2017.03.02"]
[SourceVersion "1"]
[SourceVersionDate "2017.03.02"]
[SourceQuality "1"]

1. Nf3 Nf6 2. c4 b6 3. g3 Bb7 4. Bg2 e6 5. O-O Be7 6. b3 O-O 7. Bb2 c5 8. d4
cxd4 9. Qxd4 Nc6 10. Qf4 Qb8 11. Nc3 Qxf4 12. gxf4 Rfd8 13. Rfd1 h6 14. e3 Na5
15. Ne5 Bxg2 16. Kxg2 d6 17. Nf3 Rd7 18. Rd2 Rad8 19. Rad1 Nb7 20. Nd4 Rc8 21.
f5 Nc5 22. f3 g6 23. fxg6 fxg6 24. Nce2 Kf7 25. Nb5 Ne8 26. Nf4 a6 27. Nc3 g5
28. Nd3 Nxd3 29. Rxd3 Bf6 30. R1d2 Ke7 31. Na4 Bxb2 32. Nxb6 Rc6 33. Nxd7 Ba3
34. Nb8 Rb6 35. Nxa6 Rxa6 36. f4 Bb4 37. Rc2 gxf4 38. exf4 Ng7 39. Kf3 Nf5 40.
Ke4 Ra8 41. Rg2 Kf6 42. Rd1 Bc5 43. a4 Rb8 44. Rb2 Bb4 45. Ra2 Ba5 46. Rb2 Rb4
47. Kd3 d5 48. Rc1 Ke7 49. cxd5 exd5 50. Rc5 Rd4+ 51. Ke2 Bb4 52. Rb5 Kd6 53.
a5 Rxf4 54. Rb6+ Ke5 55. a6 Nd4+ 56. Kd3 Rf3# 0-1

[Event "Wch Blitz (Women)"]
[Site "Doha"]
[Date "2016.12.30"]
[Round "10"]
[White "Lagno, Kateryna"]
[Black "Kosteniuk, Alexandra"]
[Result "1-0"]
[WhiteElo "2530"]
[BlackElo "2555"]
[PlyCount "73"]
[EventDate "2016.12.29"]
[EventType "swiss (blitz)"]
[EventRounds "17"]
[EventCountry "QAT"]
[SourceTitle "CBM 176 Extra"]
[Source "ChessBase"]
[SourceDate "2017.03.02"]
[SourceVersion "1"]
[SourceVersionDate "2017.03.02"]
[SourceQuality "1"]

1. c4 Nf6 2. Nc3 e5 3. Nf3 Nc6 4. e3 d5 5. cxd5 Nxd5 6. Bb5 Nxc3 7. bxc3 Bd6 8.
d4 e4 9. Nd2 Qg5 10. Bf1 Qg6 11. Qc2 Bf5 12. Rb1 Nd8 13. g3 O-O 14. Bg2 Re8 15.
O-O h5 16. h4 c5 17. Nc4 Rc8 18. d5 b6 19. Nxd6 Qxd6 20. c4 f6 21. a4 Nb7 22.
Bd2 Re7 23. a5 Nxa5 24. Bxa5 bxa5 25. Qc3 Qa6 26. Rb5 a4 27. Ra1 Bd7 28. Rb2
Ree8 29. Rab1 Qd6 30. Qa5 Rb8 31. Qxa7 Rxb2 32. Rxb2 Qe5 33. Qxd7 Re7 34. Qb5
a3 35. Ra2 Qc3 36. Qxc5 Rb7 37. Qc8+ 1-0

[Event "Wch Blitz (Women)"]
[Site "Doha"]
[Date "2016.12.30"]
[Round "11"]
[White "Kosteniuk, Alexandra"]
[Black "Muzychuk, Anna"]
[Result "1/2-1/2"]
[WhiteElo "2555"]
[BlackElo "2558"]
[PlyCount "70"]
[EventDate "2016.12.29"]
[EventType "swiss (blitz)"]
[EventRounds "17"]
[EventCountry "QAT"]
[SourceTitle "CBM 176 Extra"]
[Source "ChessBase"]
[SourceDate "2017.03.02"]
[SourceVersion "1"]
[SourceVersionDate "2017.03.02"]
[SourceQuality "1"]

1. e4 e5 2. Nf3 Nc6 3. Bb5 a6 4. Ba4 Nf6 5. O-O Nxe4 6. Re1 Nc5 7. Bxc6 dxc6 8.
Nxe5 Be7 9. d4 Ne6 10. Be3 O-O 11. c4 Re8 12. Nc3 f6 13. Nf3 Nf8 14. Qc2 Bg4
15. Nd2 Qd7 16. Nde4 b6 17. f3 Bf5 18. Rad1 Rad8 19. Qf2 Bb4 20. a3 Bxc3 21.
Nxc3 Ng6 22. Qg3 Bc2 23. Rd2 Bb3 24. c5 Qf7 25. cxb6 cxb6 26. Ne4 Qd7 27. h4
Kh8 28. h5 Ne7 29. h6 Nf5 30. hxg7+ Qxg7 31. Qxg7+ Kxg7 32. Bf2 Bd5 33. Rc1 Nd6
34. Nxd6 Rxd6 35. Re1 Rde6 1/2-1/2

[Event "Wch Blitz (Women)"]
[Site "Doha"]
[Date "2016.12.30"]
[Round "12"]
[White "Tan, Zhongyi"]
[Black "Kosteniuk, Alexandra"]
[Result "1-0"]
[WhiteElo "2496"]
[BlackElo "2555"]
[PlyCount "171"]
[EventDate "2016.12.29"]
[EventType "swiss (blitz)"]
[EventRounds "17"]
[EventCountry "QAT"]
[SourceTitle "CBM 176 Extra"]
[Source "ChessBase"]
[SourceDate "2017.03.02"]
[SourceVersion "1"]
[SourceVersionDate "2017.03.02"]
[SourceQuality "1"]

1. d4 Nf6 2. c4 e6 3. Nf3 b6 4. Nc3 Bb4 5. e3 Ne4 6. Qc2 Bb7 7. Bd3 f5 8. O-O
Bxc3 9. bxc3 O-O 10. Rd1 Qf6 11. Bf1 d6 12. Bb2 Nd7 13. Nd2 Qg6 14. Nxe4 fxe4
15. c5 bxc5 16. c4 Rab8 17. Rab1 cxd4 18. Bxd4 c5 19. Bc3 d5 20. Qa4 Qf7 21.
Be1 a6 22. cxd5 exd5 23. Bxa6 Bxa6 24. Qxa6 Rxb1 25. Rxb1 Ne5 26. Qe2 Nd3 27.
a4 Qf6 28. a5 c4 29. Qa2 Nxe1 30. Rxe1 Ra8 31. Qa3 Qc6 32. h3 h6 33. Rb1 c3 34.
Rc1 Rc8 35. a6 c2 36. a7 Kh7 37. Qa2 Qb7 38. Rxc2 Rxc2 39. a8=Q Qc7 40. Qxc2
Qxc2 41. Qxd5 Qb1+ 42. Kh2 Qd3 43. Qf5+ Kg8 44. Kg3 Qd6+ 45. Qf4 Qg6+ 46. Kh2
Qe6 47. g4 Qd5 48. Kg2 Qe6 49. Qf5 Qe7 50. Kg3 Qd6+ 51. Qf4 Qe7 52. Qb8+ Kh7
53. Qf4 Kg8 54. h4 Qe6 55. g5 hxg5 56. Qxg5 Qd6+ 57. Kg4 Qd1+ 58. Kf5 Qf3+ 59.
Qf4 Qg2 60. Ke5 Kh8 61. h5 Kg8 62. Qf5 Kh8 63. Ke6 Qh1 64. Kf7 Qb1 65. Qc8+ Kh7
66. Qf5+ Kh8 67. Qd5 Qc2 68. Qd8+ Kh7 69. Qg8+ Kh6 70. Qh8+ Kg5 71. Qxg7+ Kxh5
72. Qe5+ Kg4 73. Qf4+ Kh5 74. Kf6 Qc6+ 75. Kf5 Qd5+ 76. Qe5 Qf7+ 77. Kxe4+ Kg6
78. Qd6+ Kh7 79. f4 Qb7+ 80. Qd5 Qb1+ 81. Ke5 Qb2+ 82. Kf5 Qc2+ 83. Qe4 Qc8+
84. Kf6+ Kh8 85. Qh1+ Kg8 86. Qg2+ 1-0

[Event "Wch Blitz (Women)"]
[Site "Doha"]
[Date "2016.12.30"]
[Round "13"]
[White "Kosteniuk, Alexandra"]
[Black "Kashlinskaya, Alina"]
[Result "0-1"]
[WhiteElo "2555"]
[BlackElo "2429"]
[PlyCount "150"]
[EventDate "2016.12.29"]
[EventType "swiss (blitz)"]
[EventRounds "17"]
[EventCountry "QAT"]
[SourceTitle "CBM 176 Extra"]
[Source "ChessBase"]
[SourceDate "2017.03.02"]
[SourceVersion "1"]
[SourceVersionDate "2017.03.02"]
[SourceQuality "1"]

1. e4 e6 2. d4 d5 3. Nc3 Nf6 4. Bg5 dxe4 5. Nxe4 Be7 6. Bxf6 gxf6 7. Qd2 b6 8.
O-O-O Bb7 9. Nc3 c6 10. Be2 Nd7 11. Bh5 Qc7 12. Nge2 Rf8 13. Qh6 O-O-O 14. Kb1
f5 15. h3 Nf6 16. g4 b5 17. gxf5 b4 18. Na4 c5 19. Rhe1 cxd4 20. Nxd4 e5 21.
Nb3 Be4 22. Rxe4 Nxe4 23. Re1 Nf6 24. Be2 Qc6 25. Nac5 Bxc5 26. Nxc5 Qxc5 27.
Qxf6 Rd6 28. Qh4 Rfd8 29. Rc1 h6 30. Qe4 Kb8 31. Bf3 R8d7 32. Qa8+ Kc7 33. Qb7+
Kd8 34. Qb8+ Ke7 35. Bg4 Rc7 36. Qh8 a5 37. Bh5 a4 38. Qg7 Rf6 39. Qg3 a3 40.
Qb3 axb2 41. Qxb2 Qc3 42. Bg4 Qxb2+ 43. Kxb2 Rd6 44. Kb3 Rd4 45. Re1 Rc3+ 46.
Kb2 Kf6 47. Re2 Kg5 48. Rxe5 Rd2 49. f6+ Kxf6 50. Rf5+ Kg6 51. Rb5 Rdxc2+ 52.
Kb1 Rxf2 53. Rxb4 Rg3 54. Rd4 Rg1+ 55. Bd1 f5 56. a4 Rgg2 57. Rb4 Rd2 58. Kc1
Ra2 59. Kb1 Rad2 60. Kc1 Ra2 61. Kb1 Raf2 62. a5 Rf1 63. Kc1 Ra2 64. Rd4 Rxa5
65. Kc2 Rc5+ 66. Kb3 f4 67. Bg4 Re5 68. Rd6+ Kg5 69. Rd8 Re3+ 70. Kc4 Rc1+ 71.
Kb4 f3 72. Rf8 Rcc3 73. Rf5+ Kg6 74. Rf8 h5 75. Bf5+ Kg7 0-1

[Event "Wch Blitz (Women)"]
[Site "Doha"]
[Date "2016.12.30"]
[Round "14"]
[White "Kosteniuk, Alexandra"]
[Black "Gaponenko, Inna"]
[Result "1-0"]
[WhiteElo "2555"]
[BlackElo "2411"]
[PlyCount "75"]
[EventDate "2016.12.29"]
[EventType "swiss (blitz)"]
[EventRounds "17"]
[EventCountry "QAT"]
[SourceTitle "CBM 176 Extra"]
[Source "ChessBase"]
[SourceDate "2017.03.02"]
[SourceVersion "1"]
[SourceVersionDate "2017.03.02"]
[SourceQuality "1"]

1. e4 c5 2. Nf3 d6 3. Bb5+ Bd7 4. Bxd7+ Qxd7 5. d4 cxd4 6. Qxd4 Nc6 7. Qd3 g6
8. O-O Bg7 9. c4 Nf6 10. h3 O-O 11. Nc3 Rfc8 12. Qe2 a6 13. Rd1 Qc7 14. Rb1
Rab8 15. b3 Nd7 16. Nd5 Qd8 17. Bg5 h6 18. Bh4 g5 19. Bg3 b5 20. cxb5 axb5 21.
Rbc1 Qe8 22. Ne3 Nde5 23. Nf5 Bf8 24. h4 f6 25. N3d4 Qf7 26. Nxb5 Nb4 27. Rxc8
Rxc8 28. Nfd4 Ra8 29. a3 Na6 30. b4 gxh4 31. Bxh4 Ng6 32. Bg3 Ne5 33. Nf5 Nb8
34. Bxe5 dxe5 35. Qc2 Qe6 36. Nc7 Qc8 37. Qb3+ e6 38. Nxa8 1-0

[Event "Wch Blitz (Women)"]
[Site "Doha"]
[Date "2016.12.30"]
[Round "15"]
[White "Zhao, Xue"]
[Black "Kosteniuk, Alexandra"]
[Result "1-0"]
[WhiteElo "2504"]
[BlackElo "2555"]
[PlyCount "103"]
[EventDate "2016.12.29"]
[EventType "swiss (blitz)"]
[EventRounds "17"]
[EventCountry "QAT"]
[SourceTitle "CBM 176 Extra"]
[Source "ChessBase"]
[SourceDate "2017.03.02"]
[SourceVersion "1"]
[SourceVersionDate "2017.03.02"]
[SourceQuality "1"]

1. d4 Nf6 2. Nf3 e6 3. Bf4 b6 4. e3 Bb7 5. Nbd2 c5 6. c3 Nc6 7. Bd3 d5 8. Ne5
Bd6 9. Bg3 O-O 10. f4 Ne7 11. O-O Ne4 12. Qc2 f6 13. Nef3 Nxg3 14. hxg3 f5 15.
g4 c4 16. Be2 Qe8 17. Ne5 Bxe5 18. dxe5 Qg6 19. g5 h6 20. Nf3 Kh8 21. Qd1 b5
22. Kf2 d4 23. Nxd4 Rfd8 24. Rh1 Kg8 25. Bh5 Qh7 26. Bf3 Bd5 27. Bxd5 Rxd5 28.
Qe2 Qg6 29. gxh6 gxh6 30. Rh3 Kh7 31. Rah1 Ng8 32. Rg3 Qf7 33. Qh5 Qxh5 34.
Rxh5 Re8 35. Kf3 a6 36. e4 fxe4+ 37. Kxe4 Rd7 38. Kf3 Rf7 39. Ke4 Rb7 40. Rg4
a5 41. Rg3 b4 42. Rh1 Rb6 43. Nf3 Rf8 44. Nd4 Ne7 45. Rgh3 Ng8 46. g4 bxc3 47.
bxc3 Rb2 48. R3h2 Rb7 49. Nxe6 Re8 50. Nd4 Nf6+ 51. Kf3 Nd5 52. Rxh6+ 1-0